Biotechnology research in rubber: Present status and future prospects (Record no. 52977)

MARC details
000 -LEADER
fixed length control field 00674nam a2200217Ia 4500
100 ## - MAIN ENTRY--AUTHOR NAME
Personal name Thulaseedharan A.
245 #0 - TITLE STATEMENT
Title Biotechnology research in rubber: Present status and future prospects
260 ## - PUBLICATION, DISTRIBUTION, ETC. (IMPRINT)
Name of publisher Placrosym XVI, 2004, Kasaragod, India. Journal of Plantation Crops, 32(Supplement): 104-116.
Year of publication 2004
650 ## - SUBJECT ADDED ENTRY--TOPICAL TERM
Topical Term Genetic transformation
650 ## - SUBJECT ADDED ENTRY--TOPICAL TERM
Topical Term Micropropagation
650 ## - SUBJECT ADDED ENTRY--TOPICAL TERM
Topical Term Molecular marker
650 ## - SUBJECT ADDED ENTRY--TOPICAL TERM
Topical Term Somatic embryogenesis
700 ## - ADDED ENTRY--PERSONAL NAME
Personal name Jayasree P.K.
700 ## - ADDED ENTRY--PERSONAL NAME
Personal name Kala R.G.
700 ## - ADDED ENTRY--PERSONAL NAME
Personal name Priya P.
700 ## - ADDED ENTRY--PERSONAL NAME
Personal name Saleena A.
700 ## - ADDED ENTRY--PERSONAL NAME
Personal name Thanseem I.
700 ## - ADDED ENTRY--PERSONAL NAME
Personal name Venkatachalam P.
942 ## - ADDED ENTRY ELEMENTS (KOHA)
Koha item type Bibliography STAF
Holdings
Withdrawn status Lost status Damaged status Not for loan Home library Current library Date acquired Koha item type
      Bibliography RRII Library RRII Library 09/04/2014 Bibliography STAF